000 00539nam a2200205Ia 4500
005 20250508165452.0
008 008 250505s9999 xx 000 0 hin d
020 _a978-81-267-1033-1
037 _aTextual
040 _aFEDL
_beng
_cFEDL
041 _ahin
_2hin
084 _a891-433, KAN
_qFEDL
100 _aKankariya Madhu
245 0 _aPattakhor
260 _aNew Delhi, India
_bRajkamal Prakashan
_c2005
300 _a222p.
365 _aINR
_b31
942 _cTEXL
_h891-433, KAN
999 _c1395274
_d1395274